000 02029cam a2200337 i 4500
003 DO-SdBNP
005 20260223063022.0
007 ta
008 751003s2018 sp 000 f spa d
020 _a9788416601684
040 _aDO-SdBNP
_bspa
_cBNPHU
_erda
041 _aspa
082 4 _a821.161
_bD724
_222
100 1 _aDostoievski, Fiórdor,
_d1821-1881
_eautor
_4aut.
_984452
245 1 0 _aDiscurso del gran inquisidor /
_cFiórdor Dostoievski ; introducción, Antonio Lozano ; comentarios al texto, George Steiner, Aldous Huxley, Noam Chomsky
264 1 _aBarcelona, España :
_bArpa ideas,
_c2018.
300 _a118 páginas ;
_c22 cm.
336 _atexto
_btxt
_2rdacontent
337 _asin mediación
_bn
_2rdamedia
338 _avolumen
_bnc
_2rdacarrier
490 1 _aArpa ideas
_v42
500 _aIncluye datos biográficos del autor en la solapa de la cubierta.
520 _aEl discurso del gran inquisidor ocupa un lugar central en la arquitectura de la obra y el pensamiento de Fiódor Dostoievski, análogo al que ocupa El rey Lear en el universo de Shekespeare. El propósito y la fuerza poética de este texto son de tan múltiple riqueza y complejidad que puede interpretarse desde tantos puntos de vista diferentes como lectores tenga. En este memorable capítulo de Los hermanos Karamázov, que puede leerse con una obra filosófica completa en sí misma, Iván y Aliosha dialogan sobre la fe en Dios y la figura de Cristo, la libertad y la esclavitud del hombre, la compasión y la muerte. La presente edición se enmarca con una introducción de Antonio Lozano, la célebre interpretación de George Steiner en Tolstói o Dostoievski y comentarios al texto de Noam Chomsky y de Aldous Huzley.
590 _aInventariado, 2023/ YL
700 1 _aLozano, Antonio,
_eintroducción
_984436
700 1 _aSteiner, George,
_ecomentarios
_926088
700 1 _aHuxley, Aldous,
_ecomentarios
_984453
700 1 _aChomsky, Noam,
_ecomentarios
_944916
910 _aYlockward
942 _2ddc
_cLBS1
999 _c55151
_d55151